[Event "Cardiff Welsh op"]
[Site "Cardiff"]
[Date "2022.04.17"]
[Round "5"]
[White "Smith, Chris P"]
[Black "Morgans, Justin"]
[Result "1-0"]
[WhiteElo "1454"]
[BlackElo "1618"]
[PlyCount "105"]
[EventDate "2022.04.15"]
[EventType "swiss"]
[EventRounds "7"]
[EventCountry "WLS"]
[SourceTitle "CBM 207 Extra"]
[Source "ChessBase"]
[SourceDate "2022.05.31"]
[SourceVersion "1"]
[SourceVersionDate "2022.05.31"]
[SourceQuality "1"]

1. d4 d5 2. c4 e6 3. Nc3 Nf6 4. cxd5 exd5 5. Bg5 Be7 6. e3 0-0 7. Bd3 c6 8. Qc2 h6 9. Bh4 Bg4 10. Nge2 Bxe2 11. Nxe2 Nbd7 12. 0-0 Ne8 13. Bg3 Bd6 14. Nf4 Qc7 15. b4 Bxf4 16. Bxf4 Qb6 17. Rab1 Nef6 18. b5 c5 19. dxc5 Nxc5 20. Be5 Nxd3 21. Qxd3 Qe6 22. Bxf6 gxf6 23. Qd4 Rfc8 24. Rfd1 Rd8 25. Rb4 Qe4 26. h3 Qe5 27. Qf4 Qxf4 28. Rxf4 Rd6 29. Rfd4 Rad8 30. e4 a6 31. bxa6 bxa6 32. Rxd5 Rxd5 33. exd5 Rd6 34. f4 f5 35. Kf2 Kf8 36. Ke3 Ke7 37. Kd4 Rg6 38. Rd2 f6 39. Kc5 Rg3 40. d6+ Kd7 41. a4 Rc3+ 42. Kb4 Re3 43. a5 Re4+ 44. Kc5 Rxf4 45. Kb6 Rb4+ 46. Kxa6 f4 47. Rd5 Rb2 48. Rf5 Ke6 49. Rxf4 Rd2 50. Rb4 Rxg2 51. Kb6 Kxd6 52. a6 Rc2 53. a7 1-0

[Event "West Wales op"]
[Site "Swansea"]
[Date "2019.10.13"]
[Round "5"]
[White "Morgans, Justin"]
[Black "Sipho, Donovan"]
[Result "0-1"]
[WhiteElo "1657"]
[BlackElo "1659"]
[PlyCount "92"]
[EventDate "2019.10.11"]
[EventType "swiss"]
[EventRounds "5"]
[EventCountry "WLS"]
[SourceTitle "EXT 2022"]
[Source "ChessBase"]
[SourceDate "2021.10.06"]
[SourceVersion "1"]
[SourceVersionDate "2021.10.06"]
[SourceQuality "1"]

1. e4 c5 2. Nc3 Nc6 3. f4 e6 4. Nf3 d5 5. e5 f6 6. Bb5 Bd7 7. 0-0 Qb6 8. Kh1 d4 9. Bxc6 Qxc6 10. Ne2 Qd5 11. d3 Bc6 12. c4 Qd7 13. Bd2 a5 14. Ng3 f5 15. Qe2 Be7 16. Rfb1 Nh6 17. h3 Nf7 18. a3 a4 19. b4 axb3 20. Rxb3 Qd8 21. Nxf5 exf5 22. e6 Nd6 23. Ne5 0-0 24. Kh2 Rf6 25. Nxc6 bxc6 26. g4 fxg4 27. hxg4 Qc7 28. Kg2 Raf8 29. Qe5 Qc8 30. Re1 Rg6 31. Kh3 Rh6+ 32. Kg2 Rg6 33. Kh3 h5 34. g5 Rf5 35. Qe2 Bxg5 36. fxg5 Kf8 37. Kh4 Ke7 38. Kxh5 Qe8 39. Kg4 Qf8 40. Bc1 Rf2 41. Qd1 Qf5+ 42. Kg3 Ra2 43. Re2 Ra1 44. Qd2 Rxc1 45. Qxc1 Rxg5+ 46. Kh2 Qh7# 0-1

[Event "West Wales op"]
[Site "Swansea"]
[Date "2019.10.12"]
[Round "3"]
[White "Jukes, Sam"]
[Black "Morgans, Justin"]
[Result "1-0"]
[WhiteElo "1897"]
[BlackElo "1657"]
[PlyCount "53"]
[EventDate "2019.10.11"]
[EventType "swiss"]
[EventRounds "5"]
[EventCountry "WLS"]
[SourceTitle "EXT 2022"]
[Source "ChessBase"]
[SourceDate "2021.10.06"]
[SourceVersion "1"]
[SourceVersionDate "2021.10.06"]
[SourceQuality "1"]

1. e4 e5 2. Nf3 Nf6 3. Nxe5 Nc6 4. Nxc6 dxc6 5. d3 Bc5 6. Be2 h6 7. 0-0 Be6 8. c3 Bb6 9. Nd2 Qd7 10. a4 a6 11. a5 Ba7 12. Kh1 0-0-0 13. d4 g5 14. f4 gxf4 15. Rxf4 Nh7 16. Qf1 Rdf8 17. Nc4 f6 18. Rf2 Qg7 19. Bf4 Ng5 20. Nd2 h5 21. Ra4 h4 22. Bxa6 h3 23. Bxb7+ Kxb7 24. Rb4+ Ka8 25. Qa6 hxg2+ 26. Rxg2 Rxh2+ 27. Rxh2 1-0

[Event "West Wales op"]
[Site "Swansea"]
[Date "2018.10.13"]
[Round "3"]
[White "Turner, Joseph David"]
[Black "Morgans, Justin"]
[Result "0-1"]
[WhiteElo "1988"]
[BlackElo "1769"]
[PlyCount "82"]
[EventDate "2018.10.12"]
[EventType "swiss"]
[EventRounds "5"]
[EventCountry "WLS"]
[SourceTitle "EXT 2020"]
[Source "ChessBase"]
[SourceDate "2019.10.17"]
[SourceVersion "1"]
[SourceVersionDate "2019.10.17"]
[SourceQuality "1"]

1. e4 c5 2. Nf3 d6 3. d4 cxd4 4. Nxd4 Nf6 5. Nc3 a6 6. g3 e6 7. Bg2 Be7 8. 0-0 0-0 9. h3 Nbd7 10. f4 Qc7 11. g4 g6 12. f5 Nb6 13. Bh6 Bd7 14. g5 Nh5 15. f6 Bd8 16. Bxf8 Kxf8 17. Nce2 Qc5 18. h4 e5 19. b4 Qxb4 20. Nf3 Nc4 21. Qd3 Bc6 22. Rfd1 Bc7 23. Rdb1 Qc5+ 24. Kh1 b5 25. Rb3 Rd8 26. Rd1 Qf2 27. a4 Qxe2 28. Qxe2 Ng3+ 29. Kh2 Nxe2 30. axb5 axb5 31. Ra1 Nf4 32. Bf1 Ke8 33. Ra7 Ne6 34. Bh3 Rd7 35. Ne1 Bb6 36. Ra1 Ra7 37. Rd1 Nd4 38. Rbb1 Ra2 39. Bf1 Ne3 40. Rd3 Nxf1+ 41. Kg1 Ne3 0-1